Gewalt und Gewaltsamkeit als Natur- und Kulturerscheinung in komparatistischer Perspektive /
Die Beiträge des Bandes widmen sich Überlegungen und Fragen zu Darstellungsformen von Gewalt in der Literatur und anderen Medien, die Aspekte der Repräsentation von gewaltsamen Ereignissen (Pandemien, Kriege, sexuelle Gewalt etc.) ebenso wie sprachliche Formen der Gewalt (z.B. Hassrede) umfassen. Be...
مؤلفون آخرون:
التنسيق: كتاب الكتروني
اللغة:
English
German
منشور في:
Paderborn :
Ferdinand Schöningh, Brill | Fink,
2025.
سلاسل:
Schöningh and Fink Literature and Culture Studies E-Books Online, Collection 2025.
الموضوعات:
الوصول للمادة أونلاين: Login to view Source
الوسوم: إضافة وسم
رقم الطلب: PT363.P6
| LEADER | 02196nam a22004458i 4500 | ||
|---|---|---|---|
| 001 | BRILL9783846769812 | ||
| 003 | nllekb | ||
| 005 | 20251116180220.0 | ||
| 006 | m d | ||
| 007 | cr un uuuua | ||
| 008 | 251016s2025 gw sb 001 0 eng d | ||
| 020 | |a 9783846769812 |q (electronic book) | ||
| 020 | |z 9783770569816 |q (print) | ||
| 024 | 7 | |a 10.30965/9783846769812 |2 DOI | |
| 040 | |a NL-LeKB |c NL-LeKB |e rda | ||
| 041 | |a ger | ||
| 050 | 4 | |a PT363.P6 | |
| 072 | 7 | |a DSB |2 bicssc | |
| 072 | 7 | |a LIT |x 000000 |2 bisacsh | |
| 082 | 0 | 4 | |a 830 |2 23 |
| 245 | 0 | 0 | |a Gewalt und Gewaltsamkeit als Natur- und Kulturerscheinung in komparatistischer Perspektive / |c edited by Peter Brandes. |
| 264 | 1 | |a Paderborn : |b Ferdinand Schöningh, Brill | Fink, |c 2025. | |
| 264 | 4 | |c ©2025 | |
| 300 | |a 1 online resource (204 pages) : |b illustrations. | ||
| 336 | |a text |b txt |2 rdacontent | ||
| 337 | |a computer |b c |2 rdamedia | ||
| 338 | |a online resource |2 rdacarrier | ||
| 490 | 1 | |a Schöningh and Fink Literature and Culture Studies E-Books Online, Collection 2025 | |
| 504 | |a Includes bibliographical references and index. | ||
| 520 | |a Die Beiträge des Bandes widmen sich Überlegungen und Fragen zu Darstellungsformen von Gewalt in der Literatur und anderen Medien, die Aspekte der Repräsentation von gewaltsamen Ereignissen (Pandemien, Kriege, sexuelle Gewalt etc.) ebenso wie sprachliche Formen der Gewalt (z.B. Hassrede) umfassen. Besondere Aufmerksamkeit erhalten in dem komparatistisch ausgerichteten Band die globale Dimension des Themas sowie die deutsch-polnischen Literatur- und Kulturbeziehungen. | ||
| 546 | |a German | ||
| 588 | |a Description based on print version record. | ||
| 650 | 0 | |a Literature and Cultural Studies. | |
| 651 | 0 | |a German. | |
| 700 | 1 | |a Brandes, Peter, |e editor. | |
| 776 | 0 | 8 | |i Print version: |t Gewalt und Gewaltsamkeit als Natur- und Kulturerscheinung in komparatistischer Perspektive. |d Paderborn : Ferdinand Schöningh, Brill | Fink, 2025. |z 9783770569816 |
| 830 | 0 | |a Schöningh and Fink Literature and Culture Studies E-Books Online, Collection 2025. | |
| 856 | 4 | |z DOI: |u http://dx.doi.org/10.30965/9783846769812 | |
| 942 | |2 lcc |c EBOOK | ||
| 999 | |c 61644 |d 61644 | ||
